Classes préparatoires commerciales : les thèmes de Culture Générale - Statistiques

Statistiques générales
  • Ce quiz a été pris 19 fois
  • Le résultat moyen est 9 sur 31
Statistiques - réponses
Années Thème % Correct
2023-2024 La violence
81%
2022-2023 Le monde
81%
2021-2022 Aimer
69%
2020-2021 L'animal
56%
2015-2016 La nature
44%
1990-1992 La nature
44%
2019-2020 Le désir
44%
2018-2019 La mémoire
31%
1997-1998 Le bonheur
31%
2017-2018 Le corps
31%
1992-1994 Le corps
31%
2013-2014 L'espace
31%
2008-2009 La beauté
25%
2005-2006 La justice
25%
2009-2010 La vie
25%
2016-2017 La parole
19%
2001-2002 La représentation
19%
2011-2012 La société
19%
2000-2001 Le mal
19%
2012-2013 Le plaisir
19%
1996-1997 Le temps
19%
2010-2011 L'imagination
19%
1999-2000 Autrui
13%
2003-2004 La croyance
13%
2007-2008 L'action
13%
2006-2007 La science
13%
1998-1999 La sensibilité
13%
2014-2015 La vérité
13%
1994-1996 Le pouvoir
13%
2004-2005 La passion
6%
2002-2003 L'échange
6%
Aucun quiz correspondant
Distribution des résultats
% des personnes avec chaque résultat
Percentile par nombre de réponses
Votre historique - résultats
Vous n’avez pas pris ce quiz